000 00731nam a2200229 a 4500
003 MX-MxUPN
005 20220701105553.0
008 991125s1994 mx 000 0 spa u
020 _a9682449634
035 _aUPN01000005822
040 _aMX-MxUPN
_bspa
_cMX-MxUPN
049 _aLT
050 4 _aLB1651 M6.2
_bA2.2
100 1 _aAcosta, Ma. de la Luz
_945252
245 1 0 _aBiología activa :
_bsegundo grado /
_cMa. de la Luz Acosta, Armando González Zavala, Olga Mendoza.
260 _aMéxico :
_bTrillas,
_c1994.
300 _a158 p. :
_bil.
650 4 _aBiología
_xEstudio y enseñanza (Secundaria)
_94532
700 1 _aGonzález Zavala, Armando
_945253
_ecoaut.
700 1 _aMendoza, Olga
_945254
_ecoaut.
905 _aLibro
999 _c5822
_d5822